02126nam a2200205Ia 4500952010200000999001700102008004100119020001500160050002200175100003600197245020700233260004400440300001800484500014400502505109100646519006301737650005801800650005501858942000701913 00102lcc4070a11b11d2014-11-14l0oLA421 M442 1998p11 011165r2014-11-14t1w2014-11-14yLB c95062d95062140414s1998 mx 000 0 spa d a9681765553 aLA421b M442 1998 aMeneses Morales, Ernestoeautor aTendencias Educativas Oficiales en México 1821-1911c/ Ernesto Meneses Morales: con la colaboración de Liliana Bedoy Lazo; Dorothy Huacuja Reynolds; Frederika Moreno Stein y Virginia Olaeta Elizalde aMéxico b: editorial Porrúac, 1998 a958 páginas aIncluye: Indice general, Introducción, Biografía, Apéndices, Indice onomástico, Indice de nombres geográficos, Indice analítico aPanorama histórico folosófico de la Ilustración Los modelos europeos de le Educación Nacional Opciones del México Independiente La educación, camino adecuado de progreso en el México Independiente La década de 1830-1840 La educación durante los años de la invasión norteamericana y en la constitución de 1857 La educación durante el régimen de Juárez con el paréntesis del Imperio El regreso de Juárez y su obra educativa La escuela preparatoria La educación en el periodo de Sebastián Lerdo de Tejada Inicio del Porfiriato con el paréntesis presidencial del General Manuel González La reforma escolar: formación del profesorado La edad de oro de la instrucción primaria El segundo congreso de instrucción: Diciembre 1° de 1890- Febrero 28 de 1891 Frutos de los congresos de instrucción La Escuela Nacional Mexicana La educación nacional en los albores del Siglo XX La educación como medio de integración nacional Los inicios de la decadencia educativa en el Porfiriato Hacia el ocaso del Porfiriato Consideraciones finales  aMaterial Complementario / bPedagogía / d(11 011165)  0aEDUCACIÓN Y ESTADO zMÉXICOxHISTORIA ySIGLO XIX 0aEDUCACIÓN Y ESTADOzMÉXICOxHISTORIAySIGLO XX cLB